| 000 | 00508nam a22001337a 4500 | ||
|---|---|---|---|
| 040 | _cRUA | ||
| 082 | _aAGR NY 2015 B474 Or.1 | ||
| 100 | _aNY VIMEAN; នី វិមាន | ||
| 245 | _aComparison of maize varieties at banteay dek agriculture research station; ប្រៀបពូជពោតនៅស្ថានីយ៏ពិសោធន៏កសិកម្មបន្ទាយដែក | ||
| 260 |
_aPhnom Penh _bRUA _c2015 |
||
| 300 |
_axiii;59p. _bill. _c29cm. |
||
| 856 | _uNY VIMEAN | ||
| 942 | _cAGR | ||
| 999 |
_c8061 _d8061 |
||